| 000 | 00402nam a2200181Ia 4500 | ||
|---|---|---|---|
| 001 | 1162 | ||
| 005 | 20260306140611.0 | ||
| 008 | 260306t1994||||xx |||||||||||||| ||spa|| | ||
| 041 | _aESP | ||
| 082 |
_a185 _bJ14D |
||
| 100 |
_aJaeger, Werner _eAUT |
||
| 245 | 0 |
_aDemóstenes: _bLa agonÃa de Grecia |
|
| 260 | _c1994 | ||
| 300 |
_a _c |
||
| 650 | _aGEN | ||
| 654 | _aCHU | ||
| 942 |
_cLIB _dJUS _fJUS _2ddc _n |
||
| 999 |
_c1162 _d1162 |
||